Gaming Quiz

Random Gaming or Letter Quiz

Condensed Pokémon (Gen. I) Quiz Stats

 Plays Quiz Updated Aug 17, 2017

Support Sporcle.
Go Orange.
Score 0/30 Timer 04:00
0 Plays Today
Clue Pokémon % Correct
IGGLYPUFJIGGLYPUFF
92.7%
QUIRTLSQUIRTLE
92%
LECTABUZELECTABUZZ
90.5%
ATTATRATTATA
90.3%
OLIWHIRPOLIWHIRL
89.5%
ROWLITHGROWLITHE
89.4%
RAGONITDRAGONITE
89.3%
LASTOISBLASTOISE
89%
ATERPICATERPIE
88.2%
OFFINKOFFING
86.4%
ORYGOPORYGON
85.9%
AGMAMAGMAR
85.8%
ICTREEBEVICTREEBEL
84.9%
APOREOVAPOREON
83.8%
EWGONDEWGONG
82.6%
Clue Pokémon % Correct
ORSEHORSEA
81.7%
APDOZAPDOS
81.5%
HYHORRHYHORN
80.3%
IDORANIDORAN♂ / NIDORAN♀
79.8%
UBONCUBONE
77.4%
INSIPINSIR
77.4%
KANEKANS
77%
EAROFEAROW
74.2%
AKUNKAKUNA
73.6%
AUROTAUROS
71.4%
ASTLGASTLY
71.1%
RATINDRATINI
69.2%
ENONAVENONAT
67.2%
UMUK
66.7%
EESEEL
66.1%

From the Vault

Christmas Song Excerpts

by iglew

Holiday 6m
There are so many great Christmas songs, we decided to save time and sing a line from each.
Remove Ads.
Support Sporcle.
Get the best of Sporcle when you Go Orange. This ad-free experience offers more features, more stats, and more fun while also helping to support Sporcle. Thank you for becoming a member.

Show Comments

Extras

Top Quizzes Today


Score Distribution

Your Account Isn't Verified!

In order to create a playlist on Sporcle, you need to verify the email address you used during registration. Go to your Sporcle Settings to finish the process.

Report this User

Report this user for behavior that violates our Community Guidelines.

Details: